| 000 -LEADER |
| fixed length control field |
00869nam a22001337a 4500 |
| 040 ## - CATALOGING SOURCE |
| Transcribing agency |
RUA |
| 082 ## - DEWEY DECIMAL CLASSIFICATION NUMBER |
| Classification number |
VEM MON 2021 B1.602 Or. |
| 100 ## - MAIN ENTRY--AUTHOR NAME |
| Personal name |
MONG VORLEAK. ម៉ុង វល័ក្ខ |
| 245 ## - TITLE STATEMENT |
| Title |
ANTIBODY TITER OF PORCINE REPRODUCTIVE AND RESPIRATORY SYNDROME (IGG) IN GILTS AT TANG RNGIENG VILLAGE, MOHA SAING COMMUNE, PHNOM SRUOCH DISTRICT, KAMPONG SPEU PROVINCE. កម្រិតអង់ទីករ (IGG)ជំងឺជ្រូកត្រចៀកខៀវលើមេជ្រូកត្រៀម ក្នុងភូមិតាំងរងៀង ឃុំមហាសាំង ស្រុកភ្នំស្រួច ខេត្តកំពង់ស្ពឺ |
| 260 ## - PUBLICATION, DISTRIBUTION, ETC. (IMPRINT) |
| Place of publication |
Phnom Penh |
| Name of publisher |
RUA |
| Year of publication |
2021 |
| 300 ## - PHYSICAL DESCRIPTION |
| Number of Pages |
X.41P |
| Other physical details |
VIII. |
| Dimensions |
29CM |
| 856 ## - ELECTRONIC LOCATION AND ACCESS |
| Uniform Resource Identifier |
https://drive.google.com/file/d/1qepxGxYiE6USwFRk9FWAVddrSgDoM9MG/view?usp=sharing |
| 942 ## - ADDED ENTRY ELEMENTS (KOHA) |
| Koha item type |
VEM |
| 952 ## - LOCATION AND ITEM INFORMATION (KOHA) |
| Withdrawn status [LOCAL, KOHA] |
0 |
| 952 ## - LOCATION AND ITEM INFORMATION (KOHA) |
| Withdrawn status [LOCAL, KOHA] |
0 |
| 952 ## - LOCATION AND ITEM INFORMATION (KOHA) |
| Withdrawn status [LOCAL, KOHA] |
0 |
| 952 ## - LOCATION AND ITEM INFORMATION (KOHA) |
| Withdrawn status [LOCAL, KOHA] |
0 |
| 952 ## - LOCATION AND ITEM INFORMATION (KOHA) |
| Withdrawn status [LOCAL, KOHA] |
0 |
| 952 ## - LOCATION AND ITEM INFORMATION (KOHA) |
| Withdrawn status [LOCAL, KOHA] |
0 |